| 000 | 01477nam a2200373Ia 4500 | ||
|---|---|---|---|
| 001 | ebr10252451 | ||
| 003 | CaPaEBR | ||
| 006 | m u | ||
| 007 | cr cn||||||||| | ||
| 008 | 080325s2008 dcuab sb 001 0 eng d | ||
| 010 | _z 2008013545 | ||
| 020 | _z9780821375655 | ||
| 020 | _z0821375652 | ||
| 020 | _z9780821375662 | ||
| 020 | _z0821375660 | ||
| 040 |
_aCaPaEBR _cCaPaEBR |
||
| 035 | _a(OCoLC)567979809 | ||
| 050 | 1 | 4 |
_aHC890.Z9 _bP6354 2008eb |
| 100 | 1 | _aFox, M. Louise. | |
| 245 | 1 | 0 |
_aBeating the odds _h[electronic resource] : _bsustaining inclusion in Mozambique's growing economy / _cLouise Fox ; with Rui Manuel ... [et al.]. |
| 260 |
_aWashington, DC : _bWorld Bank, _cc2008. |
||
| 300 |
_axviii, 285 p. : _bill., map. |
||
| 490 | 1 | _aDirections in development. Poverty | |
| 504 | _aIncludes bibliographical references and index. | ||
| 533 |
_aElectronic reproduction. _bPalo Alto, Calif. : _cebrary, _d2011. _nAvailable via World Wide Web. _nAccess may be limited to ebrary affiliated libraries. |
||
| 650 | 0 |
_aPoverty _zMozambique. |
|
| 651 | 0 |
_aMozambique _xEconomic conditions _y1975- |
|
| 651 | 0 |
_aMozambique _xSocial conditions _y1975- |
|
| 655 | 7 |
_aElectronic books. _2local |
|
| 710 | 2 | _aWorld Bank. | |
| 710 | 2 | _aebrary, Inc. | |
| 830 | 0 |
_aDirections in development (Washington, D.C.). _pPoverty. |
|
| 856 | 4 | 0 |
_uhttp://site.ebrary.com/lib/rucke/Doc?id=10252451 _zAn electronic book accessible through the World Wide Web; click to view |
| 999 |
_c13648 _d13648 |
||